| 000 | 01996nam a22002057a 4500 | ||
|---|---|---|---|
| 003 | OSt | ||
| 005 | 20260401102359.0 | ||
| 008 | 260401b |||||||| |||| 00| 0 SPA d | ||
| 082 | _2 9978-32-230-2 | ||
| 100 | _aSegundo Marco Tipán Umatambo | ||
| 245 | _aEnciclopedia: Fechas cívicas y festividades populares del Ecuador. | ||
| 250 | _a3ra edición | ||
| 260 |
_aMadrid/Ecuador _bCultural S.A _c 2007 y 2009 |
||
| 300 |
_b400 a 500 páginas _c21 x 28 cm _eContenido Visual,Apéndices |
||
| 490 | _3Rústica o tapa dura | ||
| 520 | _aEsta enciclopedia es una obra de referencia diseñada principalmente para el ámbito educativo y cultural del Ecuador. Su contenido se organiza en dos grandes ejes: 1. Fechas Cívicas (Efemérides) El libro recorre el calendario republicano del Ecuador, detallando los hitos históricos que dieron forma a la nación: Independencias: Relatos sobre el 10 de Agosto, la Batalla del Pichincha y las independencias locales (Guayaquil, Cuenca, etc.). Símbolos Patrios: Historia y significado del Himno, el Escudo y la Bandera Nacional. Personajes Históricos: Biografías de próceres, presidentes y figuras relevantes en la política y educación. Institucionalidad: Creación de provincias, cantones y organismos del Estado. 2. Festividades Populares y Tradiciones Analiza la identidad cultural a través de las celebraciones que mezclan lo religioso con lo ancestral: Fiestas Mayores: La Mama Negra (Latacunga), el Inti Raymi (Andes), el Carnaval de Guaranda y la Diablada Pillareña. Folclore y Costumbres: Descripción de danzas, vestimentas típicas y la gastronomía asociada a cada celebración. Calendario Religioso: Procesiones y ritos como la Semana Santa o el Pase del Niño. | ||
| 650 |
_aEcuador — Historia — Diccionarios y enciclopedias. _xFechas cívicas — Costumbres y tradiciones — Fiestas populares. Subdivisión geográfica: Ecuador. _ySiglo XXI _zECUADOR |
||
| 700 | _aSegundo Marco Tipán Umatambo. | ||
| 942 |
_2ddc _cBKA _n0 |
||
| 999 |
_c2037 _d2037 |
||